[Event "CRO Cup"]
[Site "Mali Losinj"]
[Date "2023.05.12"]
[Round "4.3"]
[White "Livaic, Leon"]
[Black "Tica, Sven"]
[Result "1-0"]
[WhiteElo "2579"]
[BlackElo "2431"]
[PlyCount "109"]
[EventDate "2023.05.10"]
[EventType "team-swiss"]
[EventRounds "6"]
[EventCountry "CRO"]
[SourceTitle "CBM 214 Extra"]
[Source "ChessBase"]
[SourceDate "2023.07.31"]
[SourceVersion "1"]
[SourceVersionDate "2023.07.31"]
[SourceQuality "1"]
[WhiteTeam "Zagreb Mladost"]
[BlackTeam "Zagreb Novi"]
[WhiteTeamCountry "CRO"]
[BlackTeamCountry "CRO"]

1. b3 d5 2. Bb2 c5 3. e3 a6 4. Nf3 Nc6 5. d4 Nf6 6. Be2 Bg4 7. Nbd2 e6 8. 0-0 Be7 9. c4 0-0 10. Rc1 cxd4 11. Nxd4 Bxe2 12. Qxe2 Rc8 13. Nxc6 Rxc6 14. Rfd1 Qc7 15. Nf3 dxc4 16. Ne5 Rc5 17. Nxc4 Rd8 18. Bd4 Rc6 19. Qb2 Ng4 20. g3 Bf6 21. Bxf6 Nxf6 22. a4 b5 23. axb5 axb5 24. Qe5 Rb8 25. Qxc7 Rxc7 26. Ne5 Rxc1 27. Rxc1 Ne8 28. e4 g5 29. Ra1 Kg7 30. Ra7 Nd6 31. Rd7 Rb6 32. f3 h5 33. Kf2 b4 34. Ke3 Ra6 35. Kd4 Kf6 36. Nd3 Nb5+ 37. Kc5 Nc3 38. Nxb4 Ra1 39. Rd2 g4 40. Rc2 Ra5+ 41. Kc6 Nd1 42. Rc1 Ne3 43. f4 Ra3 44. Rb1 h4 45. Kc5 h3 46. Kd4 Ng2 47. Nd3 Ke7 48. b4 f6 49. e5 f5 50. b5 Ra4+ 51. Kc5 Ne3 52. b6 Kd7 53. b7 Rc4+ 54. Kb6 Rc6+ 55. Ka7 1-0

[Event "Titled Tuesday intern op 28th Mar Early"]
[Site "Chess.com INT"]
[Date "2023.03.28"]
[Round "5"]
[White "Pichot, Alan"]
[Black "Tica, Sven"]
[Result "1-0"]
[WhiteElo "2638"]
[BlackElo "2439"]
[PlyCount "53"]
[EventDate "2023.03.28"]
[EventType "swiss (blitz)"]
[EventRounds "11"]
[EventCountry "USA"]
[SourceTitle "EXT 2024"]
[Source "ChessBase"]
[SourceDate "2023.10.10"]
[SourceVersion "1"]
[SourceVersionDate "2023.10.10"]
[SourceQuality "1"]

1. e4 g6 2. d4 Bg7 3. Nf3 d6 4. Bc4 e6 5. 0-0 Nd7 6. Re1 Ne7 7. Bf1 0-0 8. c4 c5 9. Nc3 a6 10. Be3 Qc7 11. Qd2 b6 12. Rad1 Rd8 13. Bg5 f6 14. Bh4 cxd4 15. Nxd4 Nc5 16. b4 Nb7 17. Rc1 e5 18. Nd5 Nxd5 19. cxd5 Qf7 20. Ne6 Bxe6 21. dxe6 Qe7 22. Qd5 Rdc8 23. Rxc8+ Rxc8 24. Bxa6 Rc7 25. Bxb7 Rxb7 26. Rc1 Bf8 27. Bxf6 1-0

[Event "Titled Tuesday intern op 28th Mar Early"]
[Site "Chess.com INT"]
[Date "2023.03.28"]
[Round "11"]
[White "Tica, Sven"]
[Black "Koustav, Chatterjee"]
[Result "1-0"]
[WhiteElo "2439"]
[BlackElo "2520"]
[PlyCount "25"]
[EventDate "2023.03.28"]
[EventType "swiss (blitz)"]
[EventRounds "11"]
[EventCountry "USA"]
[SourceTitle "EXT 2024"]
[Source "ChessBase"]
[SourceDate "2023.10.10"]
[SourceVersion "1"]
[SourceVersionDate "2023.10.10"]
[SourceQuality "1"]

1. e4 e5 2. f4 exf4 3. Nf3 Nf6 4. e5 Nh5 5. d4 d6 6. Qe2 Be7 7. exd6 Qxd6 8. Qb5+ Nc6 9. Qxh5 0-0 10. Bd3 g6 11. Qh6 Re8 12. 0-0 g5 13. Qxh7+ 1-0

[Event "Titled Tuesday intern op 28th Mar Early"]
[Site "Chess.com INT"]
[Date "2023.03.28"]
[Round "10"]
[White "Tica, Sven"]
[Black "Timofeev, Artyom"]
[Result "1-0"]
[WhiteElo "2439"]
[BlackElo "2567"]
[PlyCount "91"]
[EventDate "2023.03.28"]
[EventType "swiss (blitz)"]
[EventRounds "11"]
[EventCountry "USA"]
[SourceTitle "EXT 2024"]
[Source "ChessBase"]
[SourceDate "2023.10.10"]
[SourceVersion "1"]
[SourceVersionDate "2023.10.10"]
[SourceQuality "1"]

1. e4 e5 2. f4 exf4 3. Nf3 d5 4. exd5 Nf6 5. c4 c6 6. d4 cxd5 7. Bxf4 Bb4+ 8. Nc3 0-0 9. Be2 dxc4 10. 0-0 Be6 11. Ng5 Bxc3 12. Nxe6 fxe6 13. bxc3 Nd5 14. Bd2 Rxf1+ 15. Qxf1 Nd7 16. Bxc4 Rc8 17. Qe2 Qb6 18. Re1 N7f6 19. Bb3 Re8 20. Kh1 Qd6 21. c4 Nc7 22. Bc3 b6 23. Qf3 h6 24. Re5 Nd7 25. Re3 Kh8 26. Qe2 a6 27. Bc2 Nf6 28. Qd3 Kg8 29. Rf3 Rf8 30. Bb2 b5 31. Ba3 b4 32. Bc1 a5 33. Bxh6 e5 34. Rg3 Rf7 35. c5 Qe6 36. Qg6 exd4 37. h3 Nfe8 38. Qh5 Qe1+ 39. Kh2 Rf1 40. Bb3+ Kf8 41. Bxg7+ Nxg7 42. Qh8+ Ke7 43. Rxg7+ Kf6 44. Qf8+ Ke5 45. Re7+ Ne6 46. Rxe6# 1-0

[Event "BL2-West 2223"]
[Site "Germany"]
[Date "2023.03.19"]
[Round "10.3"]
[White "Stillger, Bernhard"]
[Black "Tica, Sven"]
[Result "1/2-1/2"]
[WhiteElo "2279"]
[BlackElo "2422"]
[PlyCount "66"]
[EventDate "2022.10.22"]
[EventType "team-tourn"]
[EventRounds "10"]
[EventCountry "GER"]
[SourceTitle "EXT 2024"]
[Source "ChessBase"]
[SourceDate "2023.10.10"]
[SourceVersion "1"]
[SourceVersionDate "2023.10.10"]
[SourceQuality "1"]
[WhiteTeam "Muelheim Nord II"]
[BlackTeam "Heimbach Weis/Neuwied"]
[WhiteTeamCountry "GER"]
[BlackTeamCountry "GER"]

1. d4 d5 2. c4 e6 3. Nf3 Nf6 4. Nc3 Nbd7 5. Bf4 dxc4 6. e3 Nb6 7. Bxc4 Nxc4 8. Qa4+ c6 9. Qxc4 Nd5 10. Bg3 Qb6 11. 0-0 Qb4 12. Qxb4 Bxb4 13. Ne4 0-0 14. Rac1 Rd8 15. Rfd1 Bf8 16. Nc5 f6 17. Nd3 Kf7 18. a3 a5 19. Nd2 e5 20. dxe5 Nxe3 21. fxe3 Rxd3 22. Nc4 Rxd1+ 23. Rxd1 Be6 24. Nd6+ Bxd6 25. exd6 Ke8 26. e4 Kd7 27. Kf2 Ra6 28. e5 Rb6 29. Rd2 Rb5 30. exf6 Rf5+ 31. Ke3 Rxf6 32. Rf2 Rxf2 33. Kxf2 Bd5 1/2-1/2

[Event "Titled Tuesday intern op 14th Mar Late"]
[Site "Chess.com INT"]
[Date "2023.03.14"]
[Round "6"]
[White "Stelmaszyk, Nico"]
[Black "Tica, Sven"]
[Result "0-1"]
[WhiteElo "2387"]
[BlackElo "2439"]
[PlyCount "62"]
[EventDate "2023.03.14"]
[EventType "swiss (blitz)"]
[EventRounds "11"]
[EventCountry "USA"]
[SourceTitle "EXT 2024"]
[Source "ChessBase"]
[SourceDate "2023.10.10"]
[SourceVersion "1"]
[SourceVersionDate "2023.10.10"]
[SourceQuality "1"]

1. e4 c5 2. c3 Nf6 3. e5 Nd5 4. Nf3 e6 5. Bc4 Nb6 6. Bb3 d5 7. d4 cxd4 8. cxd4 Bd7 9. 0-0 Nc6 10. Nc3 a6 11. Bg5 Be7 12. Bxe7 Qxe7 13. Rc1 h6 14. Qd2 Na5 15. Rc2 Nxb3 16. axb3 0-0 17. Rfc1 Rfc8 18. Ne1 Qb4 19. Nd3 Qxd4 20. Ne2 Qh4 21. Rc7 Qd8 22. Qc3 Bc6 23. Rxc8 Rxc8 24. Nd4 Bb5 25. Nc5 Nd7 26. Qb4 Qc7 27. Qe1 Nxc5 28. b4 Nd3 29. Rxc7 Rxc7 30. Qc3 Rxc3 31. bxc3 Nxe5 0-1

[Event "Titled Tuesday intern op 14th Mar Late"]
[Site "Chess.com INT"]
[Date "2023.03.14"]
[Round "2"]
[White "Tica, Sven"]
[Black "Shubin, Kirill"]
[Result "0-1"]
[WhiteElo "2439"]
[BlackElo "2449"]
[PlyCount "72"]
[EventDate "2023.03.14"]
[EventType "swiss (blitz)"]
[EventRounds "11"]
[EventCountry "USA"]
[SourceTitle "EXT 2024"]
[Source "ChessBase"]
[SourceDate "2023.10.10"]
[SourceVersion "1"]
[SourceVersionDate "2023.10.10"]
[SourceQuality "1"]

1. e4 e6 2. b3 c5 3. Bb2 Nc6 4. Nf3 d6 5. c4 Nf6 6. Nc3 g6 7. d4 cxd4 8. Nxd4 a6 9. Be2 Bg7 10. Nxc6 bxc6 11. e5 dxe5 12. Qxd8+ Kxd8 13. Na4 Nd7 14. 0-0-0 Kc7 15. Bc3 a5 16. Bf3 Rg8 17. Rhe1 f5 18. Be2 e4 19. Bxg7 Rxg7 20. c5 Ba6 21. Bxa6 Rxa6 22. Rd6 Re7 23. f3 exf3 24. gxf3 e5 25. Kc2 Ra8 26. Red1 Rae8 27. a3 e4 28. fxe4 fxe4 29. b4 axb4 30. axb4 e3 31. Nc3 Ne5 32. Re1 Nf3 33. Re2 Re5 34. Rf6 Nd4+ 35. Kd3 Nxe2 36. Kxe2 Rd8 0-1

[Event "BL2-West 2223"]
[Site "Germany"]
[Date "2023.02.26"]
[Round "8.3"]
[White "Tica, Sven"]
[Black "Vandenbussche, Thibaut"]
[Result "0-1"]
[WhiteElo "2422"]
[BlackElo "2418"]
[PlyCount "72"]
[EventDate "2022.10.22"]
[EventType "team-tourn"]
[EventRounds "10"]
[EventCountry "GER"]
[SourceTitle "EXT 2024"]
[Source "ChessBase"]
[SourceDate "2023.10.10"]
[SourceVersion "1"]
[SourceVersionDate "2023.10.10"]
[SourceQuality "1"]
[WhiteTeam "Heimbach Weis/Neuwied"]
[BlackTeam "Aachen SV"]
[WhiteTeamCountry "GER"]
[BlackTeamCountry "GER"]

1. d4 d5 2. c4 e6 3. Nf3 c5 4. cxd5 exd5 5. g3 Nc6 6. Bg2 Nf6 7. 0-0 Be7 8. dxc5 Bxc5 9. Qc2 Bb6 10. Nc3 0-0 11. Na4 Re8 12. Bg5 h6 13. Nxb6 axb6 14. Be3 Rxe3 15. fxe3 Ng4 16. Qd2 Qe7 17. Rfc1 Nxe3 18. Rc3 Nxg2 19. Kxg2 Bf5 20. Qe3 Be4 21. Kg1 Ra4 22. Ra3 d4 23. Qd2 Rxa3 24. bxa3 Bxf3 25. exf3 Ne5 26. Qe2 Qc5 27. f4 d3+ 28. Qf2 Qc3 29. Rd1 Nc4 30. h3 Nb2 31. Rd2 Nc4 32. Rd1 d2 33. a4 f5 34. Kh1 Qc1 35. Qf1 Qc2 36. Qe2 Qe4+ 0-1

[Event "BL2-West 2223"]
[Site "Germany"]
[Date "2023.02.25"]
[Round "7.3"]
[White "Rotstein, Arkadij"]
[Black "Tica, Sven"]
[Result "0-1"]
[WhiteElo "2464"]
[BlackElo "2422"]
[PlyCount "88"]
[EventDate "2022.10.22"]
[EventType "team-tourn"]
[EventRounds "10"]
[EventCountry "GER"]
[SourceTitle "EXT 2024"]
[Source "ChessBase"]
[SourceDate "2023.10.10"]
[SourceVersion "1"]
[SourceVersionDate "2023.10.10"]
[SourceQuality "1"]
[WhiteTeam "Koeln Porz"]
[BlackTeam "Heimbach Weis/Neuwied"]
[WhiteTeamCountry "GER"]
[BlackTeamCountry "GER"]

1. e4 c6 2. c4 d5 3. exd5 cxd5 4. cxd5 Nf6 5. Nc3 g6 6. Nf3 Bg7 7. Bc4 0-0 8. 0-0 Na6 9. d4 Nc7 10. Bg5 Nfxd5 11. Re1 Be6 12. Bb3 Re8 13. Ne4 f6 14. Bh4 Bf7 15. Bg3 b6 16. Rc1 Rc8 17. Rc2 h6 18. Qc1 Qd7 19. Bxc7 Nxc7 20. Bxf7+ Kxf7 21. Qf4 Ne6 22. Qd2 Rxc2 23. Qxc2 f5 24. Nc3 Nxd4 25. Nxd4 Bxd4 26. Qb3+ e6 27. Rd1 Rd8 28. Kf1 Qc8 29. Nb5 Bc5 30. Rxd8 Qxd8 31. Qf3 Qd2 32. g4 Qxb2 33. Nxa7 Qb1+ 34. Kg2 Qxa2 35. Nb5 Qc4 36. Qb7+ Kf6 37. Nc7 Qxg4+ 38. Kf1 Qc4+ 39. Kg1 Qc1+ 40. Kg2 Qg5+ 41. Kf1 Qc1+ 42. Kg2 Qf4 43. f3 Qh4 44. Ne8+ Kg5 0-1

[Event "Titled Tuesday intern op 31st Jan Early"]
[Site "Chess.com INT"]
[Date "2023.01.31"]
[Round "2"]
[White "Tica, Sven"]
[Black "Ter Sahakyan, Samvel"]
[Result "0-1"]
[WhiteElo "2441"]
[BlackElo "2605"]
[PlyCount "54"]
[EventDate "2023.01.31"]
[EventType "swiss (blitz)"]
[EventRounds "11"]
[EventCountry "USA"]
[SourceTitle "CBM 212 Extra"]
[Source "ChessBase"]
[SourceDate "2023.03.31"]
[SourceVersion "1"]
[SourceVersionDate "2023.03.31"]
[SourceQuality "1"]

1. e4 c5 2. Nc3 d6 3. f4 g6 4. Nf3 Bg7 5. Bb5+ Bd7 6. Bc4 Nc6 7. 0-0 e6 8. d3 Nge7 9. f5 exf5 10. Qe1 h6 11. Qh4 Be6 12. exf5 Nxf5 13. Qe4 Qd7 14. Re1 Ncd4 15. g4 Nxf3+ 16. Qxf3 Nd4 17. Qg2 0-0 18. Be3 Bxg4 19. Bd5 Rae8 20. Bf2 Nxc2 21. Rxe8 Rxe8 22. Rc1 Ne3 23. Bxe3 Rxe3 24. Bxb7 Bd4 25. Kh1 Bh3 26. Qd5 Qg4 27. Rg1 Qxg1+ 0-1

[Event "Titled Tuesday intern op 10th Jan Late"]
[Site "Chess.com INT"]
[Date "2023.01.10"]
[Round "1"]
[White "La Villa Rivas, Marlon Javier"]
[Black "Tica, Sven"]
[Result "0-1"]
[WhiteElo "2244"]
[BlackElo "2441"]
[PlyCount "66"]
[EventDate "2023.01.10"]
[EventType "swiss (blitz)"]
[EventRounds "11"]
[EventCountry "USA"]
[SourceTitle "EXT 2024"]
[Source "ChessBase"]
[SourceDate "2023.10.10"]
[SourceVersion "1"]
[SourceVersionDate "2023.10.10"]
[SourceQuality "1"]

1. e4 g6 2. d4 Bg7 3. Nc3 a6 4. a4 d6 5. f4 Nd7 6. Nf3 b6 7. Bd3 Bb7 8. 0-0 e6 9. f5 exf5 10. exf5 Ngf6 11. Bg5 0-0 12. Qd2 c5 13. d5 Qc7 14. Bc4 Rae8 15. Bh6 Ne5 16. Nxe5 Rxe5 17. Qg5 Qd7 18. Rae1 Rfe8 19. Rxe5 Rxe5 20. g4 Qe7 21. Qh4 Bxh6 22. Qxh6 Nxg4 23. Qf4 Ne3 24. f6 Qd8 25. Rf3 Nf5 26. Ne4 b5 27. axb5 axb5 28. Bxb5 Bxd5 29. Ng3 Bxf3 30. Qxf3 Qxf6 31. Qa8+ Kg7 32. Qg2 Nxg3 33. Qxg3 Rg5 0-1

[Event "Titled Tuesday intern op 10th Jan Early"]
[Site "Chess.com INT"]
[Date "2023.01.10"]
[Round "2"]
[White "Tica, Sven"]
[Black "Bluebaum, Matthias"]
[Result "0-1"]
[WhiteElo "2441"]
[BlackElo "2661"]
[PlyCount "64"]
[EventDate "2023.01.10"]
[EventType "swiss (blitz)"]
[EventRounds "11"]
[EventCountry "USA"]
[SourceTitle "EXT 2024"]
[Source "ChessBase"]
[SourceDate "2023.10.10"]
[SourceVersion "1"]
[SourceVersionDate "2023.10.10"]
[SourceQuality "1"]

1. e4 e6 2. b3 d5 3. Bb2 a6 4. e5 c5 5. f4 Nc6 6. Nf3 Nh6 7. c3 Nf5 8. a3 Be7 9. d4 Ne3 10. Qd3 Nxf1 11. Rxf1 Qb6 12. b4 cxd4 13. cxd4 Bd7 14. Nc3 Na5 15. Nd2 Rc8 16. Kf2 Nc4 17. Rab1 f6 18. Kg1 0-0 19. Rf3 fxe5 20. fxe5 Nxe5 21. Rxf8+ Rxf8 22. Qe2 Qxd4+ 23. Kh1 Nd3 24. Nf3 Qc4 25. Ba1 Nf4 26. Qxc4 dxc4 27. Ne5 Be8 28. Nxc4 Nd3 29. Ne4 Bg6 30. Ncd2 Nf2+ 31. Nxf2 Bxb1 32. Nf3 Bf6 0-1

[Event "Titled Tuesday intern op 10th Jan Late"]
[Site "Chess.com INT"]
[Date "2023.01.10"]
[Round "2"]
[White "Tica, Sven"]
[Black "Mamedyarov, Shakhriyar"]
[Result "0-1"]
[WhiteElo "2441"]
[BlackElo "2740"]
[PlyCount "32"]
[EventDate "2023.01.10"]
[EventType "swiss (blitz)"]
[EventRounds "11"]
[EventCountry "USA"]
[SourceTitle "EXT 2024"]
[Source "ChessBase"]
[SourceDate "2023.10.10"]
[SourceVersion "1"]
[SourceVersionDate "2023.10.10"]
[SourceQuality "1"]

1. d4 Nf6 2. Nf3 g6 3. g3 Bg7 4. Bg2 0-0 5. 0-0 d6 6. b3 c5 7. Bb2 cxd4 8. Nxd4 d5 9. c4 dxc4 10. bxc4 Qb6 11. Qc1 Nc6 12. Nxc6 bxc6 13. Nc3 Be6 14. Ne4 Nxe4 15. Bxg7 Nxg3 16. Qc3 Nxe2+ 0-1

[Event "Titled Tuesday intern op 10th Jan Late"]
[Site "Chess.com INT"]
[Date "2023.01.10"]
[Round "4"]
[White "Tica, Sven"]
[Black "Rian, Kapriaga"]
[Result "0-1"]
[WhiteElo "2441"]
[BlackElo "2089"]
[PlyCount "74"]
[EventDate "2023.01.10"]
[EventType "swiss (blitz)"]
[EventRounds "11"]
[EventCountry "USA"]
[SourceTitle "EXT 2024"]
[Source "ChessBase"]
[SourceDate "2023.10.10"]
[SourceVersion "1"]
[SourceVersionDate "2023.10.10"]
[SourceQuality "1"]

1. e4 c6 2. Nf3 d5 3. d3 dxe4 4. dxe4 Qxd1+ 5. Kxd1 Bg4 6. Nbd2 e6 7. Be2 Bc5 8. Ne1 Nf6 9. Nd3 Bb6 10. f3 Bh5 11. Nc4 Bc7 12. a4 Nbd7 13. Be3 a6 14. a5 0-0-0 15. c3 Ne5 16. Ncxe5 Bxe5 17. Kc2 Bc7 18. h4 Bg6 19. Bg5 h6 20. Be3 Nd7 21. h5 Bh7 22. b4 f5 23. exf5 exf5 24. Bd4 Rhe8 25. Rhe1 f4 26. Bf1 Ne5 27. Rad1 Nc4 28. Kb3 Ne3 29. Bxe3 Rxe3 30. Nb2 Rxd1 31. Rxd1 Be5 32. Bd3 Bg8+ 33. Kc2 Bf7 34. Bf5+ Kb8 35. Rd3 Re2+ 36. Rd2 Bb3+ 37. Kd3 Re3# 0-1